|
|
|
|
| LEADER |
00000cas a2200000 a 4500 |
| 001 |
vtls001371843 |
| 003 |
SK-MaSNL |
| 005 |
20260228155745.0 |
| 008 |
180126d19301937xr wr|n 0 0b0cze |
| 035 |
|
|
|a SNK000325670
|
| 040 |
|
|
|a SNK
|b slo
|c SNK
|e AACR2
|
| 041 |
0 |
|
|a cze
|
| 044 |
|
|
|a xr
|c CZ
|
| 072 |
|
7 |
|a 32
|x Politika
|2 konspekt
|
| 072 |
|
7 |
|a 316.7
|x Sociológia kultúry. Kultúrny život
|2 konspekt
|
| 080 |
|
|
|a 32
|2 2011
|
| 080 |
|
|
|a 316.728
|2 2011
|
| 080 |
|
|
|a 316.7
|2 2011
|
| 080 |
|
|
|a 050
|2 2001
|
| 080 |
|
|
|a 070.48:329
|2 2001
|
| 245 |
0 |
0 |
|a A-Zet Pondělník
|
| 246 |
1 |
3 |
|a Pondělník
|
| 246 |
3 |
3 |
|a A-Zet Pondělník (Praha)
|
| 260 |
|
|
|a V Praze
|b Melantrich
|c 1930-1937
|
| 300 |
|
|
|a 8 zv.
|c 46 cm
|
| 310 |
|
|
|a 1x týždenne
|
| 362 |
0 |
|
|a Č. 1 (6. ledna 1930)-č. 52 (27. prosince 1937)
|
| 500 |
|
|
|a Zodp. red.: 1930-1937, Jiří Pichl
|
| 500 |
|
|
|a Viaceré vydania
|
| 500 |
|
|
|a Vychádza každý pondelok
|
| 500 |
|
|
|a V č. 42 (1931) nad názvom uvedené: Po konfiškácii oprav. vyd. ; č. 5 (1935) je voľne vložené v dokumente ; č. 48 a č. 51 (1936) sú voľne vložené v dokumente
|
| 515 |
|
|
|a V r. 1931 2x uvedené č. 48 - správne č. 47 ; V r. 1936 č. 20 sa nachádza za č. 22, č. 31 sa nachádza za č. 33
|
| 650 |
0 |
7 |
|a politika
|2 SNKPH
|9 968
|
| 650 |
0 |
7 |
|a spoločenský život
|2 SNKPH
|9 28654
|
| 650 |
0 |
7 |
|a kultúra
|2 SNKPH
|9 886
|
| 655 |
|
7 |
|a časopisy politických strán a hnutí
|2 SNKPH
|9 237919
|
| 700 |
1 |
|
|a Pichl, Jiří
|4 pbd
|9 265275
|
| 752 |
|
|
|a Česko
|d Praha
|
| 850 |
|
|
|a Slovenská národná knižnica v Martine
|
| 910 |
|
|
|a snk
|
| 999 |
|
|
|c 443
|d 443
|
| 952 |
|
|
|0 0
|1 1
|4 0
|7 0
|a SNK
|b SNK
|d 1999-09-08
|l 0
|o snkČA 45/1930
|p 17A0209901
|r 2005-01-02 00:00:00
|t č. 1-52, neúplné
|w 2026-02-21
|y PREZ
|z Chýba č. 9 ;
|
| 952 |
|
|
|0 0
|1 0
|4 0
|7 0
|8 5
|a SNK
|b SNK
|d 2003-03-03
|i snkČIF 94/56
|l 0
|o snkČA 45/1931
|p 17A0209996
|r 2005-01-02 00:00:00
|t č. 1-52
|w 2026-02-21
|y PREZ
|z 2x uvedené č. 48 - správne č. 47
|
| 952 |
|
|
|0 0
|1 1
|4 0
|7 0
|a SNK
|b SNK
|d 2003-03-03
|l 0
|o snkČA 45/1932
|p 17A0209823
|r 2005-01-02 00:00:00
|t č. 1-52
|w 2026-02-21
|y PREZ
|
| 952 |
|
|
|0 0
|1 1
|4 0
|7 0
|a SNK
|b SNK
|d 2003-03-03
|i snk 303/41
|l 0
|o snkČA 45/1933
|p 17A0209838
|r 2005-01-02 00:00:00
|t č. 1-52
|w 2026-02-21
|y PREZ
|z Č. 45 nasleduje až za č. 46 - je zle zviazané ; Č. 52 vyšlo ako zvláštne vydanie
|
| 952 |
|
|
|0 0
|1 1
|4 0
|7 1
|a SNK
|b SNK
|d 2003-03-03
|i snk 302/41
|l 0
|o snkČA 45/1934
|p 17A0209902
|r 2005-01-02 00:00:00
|t č. 1-53
|w 2026-02-21
|y NEVYP
|
| 952 |
|
|
|0 0
|1 1
|4 0
|7 0
|a SNK
|b SNK
|d 2003-03-03
|i snk 1763/43
|l 0
|o snkČA 45/1935
|p 17A0209824
|r 2005-01-02 00:00:00
|t č. 1-53, neúplné
|w 2026-02-21
|y PREZ
|z Chýba č. 2, 36, 44 ;
|
| 952 |
|
|
|0 0
|1 0
|4 0
|7 0
|a SNK
|b SNK
|d 2003-03-03
|i snk 1768/43
|l 0
|o snkČA 45/1936
|p 17A0209839
|r 2005-01-02 00:00:00
|t č. 1-52
|w 2026-02-21
|y PREZ
|z Č. 20 sa nachádza za č. 22 ; č. 31 sa nachádza za č. 33 ;
|
| 952 |
|
|
|0 0
|1 0
|4 0
|7 0
|8 5
|a SNK
|b SNK
|d 2003-03-03
|i snkF 2768/65
|l 0
|o snkČA 45/1937
|p 17A0209830
|r 2005-01-02 00:00:00
|t č. 1-52
|w 2026-02-21
|y PREZ
|